Matemáticas discretas: con teoría de gráficas y combinatoria
שמור ב:
| מחבר ראשי: | |
|---|---|
| פורמט: | ספר |
| שפה: | ספרדית |
| יצא לאור: |
Ciudad de México
McGraw-Hill Interamericana
2008
|
| מהדורה: | 1a. ed |
| נושאים: | |
| תגים: |
הוספת תג
אין תגיות, היה/י הראשונ/ה לתייג את הרשומה!
|
MARC
| LEADER | 00000nam a2200000 a 4500 | ||
|---|---|---|---|
| 001 | UCG3180 | ||
| 003 | CL-VaPUC | ||
| 008 | 100812e20080000MX |||||||||||||||||spa|d | ||
| 020 | |a 9789701065303 | ||
| 082 | 0 | 4 | |a 004.015 |b VEE |2 21 |
| 100 | 0 | |a Veerarajan, T |e author |9 552117 | |
| 245 | 1 | 0 | |a Matemáticas discretas: con teoría de gráficas y combinatoria |
| 250 | |a 1a. ed | ||
| 300 | |a 531 p | ||
| 942 | |c BK | ||
| 945 | |d 20100812 00:00:00 |a mfarfan | ||
| 260 | |a Ciudad de México |b McGraw-Hill Interamericana |c 2008 | ||
| 650 | 0 | |a Álgebra booleana |9 270639 | |
| 650 | 0 | |a Aplicaciones de computadores |9 260401 | |
| 650 | 0 | |a Estructuras algebraicas |9 422373 | |
| 650 | 0 | |a Lógica matemática |9 262442 | |
| 650 | 7 | |a MATEMATICA DISCRETA |2 CL-VaPUC |9 442002 | |
| 583 | |a last modification |c 20100812 00:00:00 |k Rodrigo Vera | ||
| 999 | |c 342264 |d 342262 | ||
| 952 | |0 0 |1 0 |4 0 |6 004_015000000000000_VEE_2008 |7 0 |8 A |9 438361 |a BIBING |b BIBING |d 2019-11-22 |i 4707095 |o 004.015 VEE 2008 |p 4707095 |r 2024-01-25 |w 2019-11-22 |y BK |k ING | ||